KOHA-Header-6

Clinical Pharmacology and Therapeutics (Record no. 14001)

000 -LEADER
fixed length control field 00354nam a22001337a 4500
020 ## - INTERNATIONAL STANDARD BOOK NUMBER
ISBN 978-1-119-59995-1
082 ## - DEWEY DECIMAL CLASSIFICATION NUMBER
Classification number 615.1
100 ## - MAIN ENTRY--AUTHOR NAME
Personal name Gerard A. McKay, Matthew R. Walters, Neil D. Ritchie
245 ## - TITLE STATEMENT
Title Clinical Pharmacology and Therapeutics
250 ## - EDITION STATEMENT
Edition statement 10th edition
260 ## - PUBLICATION, DISTRIBUTION, ETC. (IMPRINT)
Place of publication USA
Name of publisher John Wiley & Sons
Year of publication 2019
300 ## - PHYSICAL DESCRIPTION
Number of Pages 305 pages
942 ## - ADDED ENTRY ELEMENTS (KOHA)
Koha item type Books
Holdings
Withdrawn status Lost status Collection code Permanent Location Current Location Shelving location Date acquired Full call number Accession Number Koha item type
    Bio Sciences MAJU MAJU Shelf No.A37 2025-04-29 615.1 11102 Books

Powered by Koha